Estadísticas para Países con más jugadores históricos en el Real Madrid

Haz click aquí para intentar la prueba.

Estadísticas generales

  • Esta prueba ha sido intentada 167 veces
  • La puntuación promedio es 14 de 19

Estadísticas de respuestas

HintRespuesta% Correcto
21Francia
99%
31Brasil
97%
11Alemania
96%
26Argentina
96%
8Portugal
95%
3Italia
91%
6Inglaterra
89%
8Países Bajos
84%
4Bélgica
82%
3Colombia
79%
5Croacia
79%
11Uruguay
78%
4México
77%
5Hungría
66%
3Dinamarca
59%
5Serbia
59%
3Turquía
56%
3Paraguay
31%
3República Dominicana
11%

Distribución de puntuación

Porcentaje por número respondido

Porcentaje de gente con cada puntuación

Historial de tus puntuaciones

No has intentado esta prueba.